| Record ID | ia:scripturehistory00hall |
| Source | Internet Archive |
| Download MARC XML | https://archive.org/download/scripturehistory00hall/scripturehistory00hall_marc.xml |
| Download MARC binary | https://www.archive.org/download/scripturehistory00hall/scripturehistory00hall_meta.mrc |
LEADER: 00843cam 22002175a 4500
001 176270
008 860312q18001899nyu 00000 eng d
035 $a(CStRLIN)NJPT07864491X
035 $a(CaOTULAS)107864491
035 $9AAU8761PS
050 0 $aBS635$b.H35 1899z
100 10 $aHall, Joseph,$d1574-1656.
245 10 $aScripture history, or, Contemplations on the historical passages of the Old and New Testaments /$cby the Right Rev. Joseph Hall.
250 $aRev. ed. /$babridged by Rev. George Henry Glasse.
260 0 $aNew York :$bAmerican Tract Society,$c[18--]
300 $a516 p. ;$c20 cm.
630 00 $aBible$xHistory of Biblical events
700 10 $aGlasse, George Henry,$d1761-1809.
710 20 $aAmerican Tract Society.
740 01 $aContemplations on the historical passages of the Old and New Testaments.
740 01 $aScripture history.